Library Logo

Pioneer International University Library Catalogue

MATHEMATICS FOR COMPUTING (Record no. 6208)

MARC details
000 -LEADER
fixed length control field 00274nam a22000977a 4500
005 - DATE AND TIME OF LATEST TRANSACTION
control field 20250901165600.0
008 - FIXED-LENGTH DATA ELEMENTS--GENERAL INFORMATION
fixed length control field 231030b |||||||| |||| 00| 0 eng d
050 ## - LIBRARY OF CONGRESS CALL NUMBER
Classification number QA76.C35 1998
245 ## - TITLE STATEMENT
Title MATHEMATICS FOR COMPUTING
Statement of responsibility, etc. Callan, Rob
942 ## - ADDED ENTRY ELEMENTS (KOHA)
Source of classification or shelving scheme Library of Congress Classification
Classification part QA76.C35 1998
Holdings
Withdrawn status Lost status Source of classification or shelving scheme Damaged status Not for loan Home library Current library Shelving location Date acquired Total checkouts Full call number Barcode Date last seen Price effective from Koha item type
    Library of Congress Classification     Main Library Main Library   10/30/2023   QA76.C35 1998 PIU0001063 10/30/2023 10/30/2023 Books